000 00742cam a2200217 4500
001 1738
005 20181127163912.0
008 731023s1941 nyubf b 001 0 eng
010 _a 41021925
043 _acl-----
_ae-gx---
_as-bl---
100 1 _aGunther, John,
_d1901-1970.
245 1 0 _aInside Latin America /
_cby John Gunther.
250 _a1st ed.
260 _aNew York :
_bHarper,
_c1941.
300 _axi, 498 p., [1] folded leaf of plates :
_bmap ;
_c23 cm.
504 _aIncludes bibliographical references and index.
650 0 _aPropaganda, German.
651 0 _aBrazil
_xPolitics and government
_y1930-1945.
651 0 _aLatin America
_xDescription and travel.
651 0 _aLatin America
_xPolitics and government
_y20th century.
999 _c1313
_d1313